Americas economic pulse (Record no. 109756)

MARC details
000 -LEADER
fixed length control field 01133cad a22002535a 4500
001 - CONTROL NUMBER
control field E147861
008 - FIXED-LENGTH DATA ELEMENTS--GENERAL INFORMATION
fixed length control field 090624s2009 xxuad f s 000 0 eng d
035 ## - SYSTEM CONTROL NUMBER
System control number (Sirsi) u147861
041 0# - LANGUAGE CODE
Language code of text/sound track or separate title eng
050 04 - LIBRARY OF CONGRESS CALL NUMBER
Classification number 333.33 $2 18
110 2# - MAIN ENTRY--CORPORATE NAME
Corporate name or jurisdiction name as entry element Cushman and Wakefield
9 (RLIN) 244
245 00 - TITLE STATEMENT
Title Americas economic pulse
Remainder of title the descent slows
Medium [electronic resource]
260 ## - PUBLICATION, DISTRIBUTION, ETC.
Place of publication, distribution, etc. New York
Name of publisher, distributor, etc. Cushman and Wakefield
Date of publication, distribution, etc. 2009
490 #0 - SERIES STATEMENT
Series statement Americas Economic Pulse
520 ## - SUMMARY, ETC.
Summary, etc. Suggests that the decline in the rate of job losses in the Americas indicates that the speed of economic decline is now slowing, although an upturn is not likely until the end of 2009 or the beginning of 2010. Tables.
590 ## - LOCAL NOTE (RLIN)
Local note KA
650 24 - SUBJECT ADDED ENTRY--TOPICAL TERM
Topical term or geographic name entry element CUSHMAN AND WAKEFIELD AMERICAS ECONOMIC PULSE
651 #4 - SUBJECT ADDED ENTRY--GEOGRAPHIC NAME
Geographic name United States
Chronological subdivision 1959-
651 #4 - SUBJECT ADDED ENTRY--GEOGRAPHIC NAME
Geographic name Canada
651 #4 - SUBJECT ADDED ENTRY--GEOGRAPHIC NAME
Geographic name South America
690 ## - LOCAL SUBJECT ADDED ENTRY--TOPICAL TERM (OCLC, RLIN)
Topical term or geographic name as entry element PROPERTY-COMMERCIAL PROPERTY-COMMERCIAL PROPERTY MARKET
856 40 - ELECTRONIC LOCATION AND ACCESS
Uniform Resource Identifier <a href="https://www.cushwake.com/cwglobal/jsp/kcReportDetail.jsp?Country=GLOBAL&Language=EN&catId=100006&pId=c23700002p">https://www.cushwake.com/cwglobal/jsp/kcReportDetail.jsp?Country=GLOBAL&Language=EN&catId=100006&pId=c23700002p</a>
Public note View this report free of charge (requires registration) at www.cushwake.com...
942 ## - ADDED ENTRY ELEMENTS (KOHA)
Suppress in OPAC 0
Holdings
Withdrawn status Lost status Source of classification or shelving scheme Damaged status Not for loan Home library Current library Shelving location Date acquired Total Checkouts Full call number Barcode Date last seen Copy number Price effective from Koha item type
    Dewey Decimal Classification     Virtual Virtual Online 24/06/2009   ONLINE PUBLICATION 147861-2001 06/08/2019 1 06/08/2019 Book